Historia de la literatura hispanoamericana
Uloženo v:
| Hlavní autor: | |
|---|---|
| Médium: | Kniha |
| Jazyk: | španělština |
| Vydáno: |
Ciudad de México
Fondo de Cultura Económica
1966
|
| Vydání: | 5a. ed |
| Edice: | Breviarios del Fondo de Cultura Económica, 156
|
| Témata: | |
| Tagy: |
Přidat tag
Žádné tagy, Buďte první, kdo vytvoří štítek k tomuto záznamu!
|
MARC
| LEADER | 00000nam a2200000 a 4500 | ||
|---|---|---|---|
| 001 | UCT2947 | ||
| 003 | CL-VaPUC | ||
| 005 | 20250312124213.0 | ||
| 008 | 961018e19660000MX |||||||||||||||||spa|d | ||
| 999 | |c 252835 |d 252833 | ||
| 040 | |c Pontificia Universidad Católica de Valparaíso | ||
| 082 | 0 | 4 | |a H860.9 |b AND |2 21 |
| 100 | 0 | |a Anderson Imbert, Enrique |e author |9 371972 | |
| 245 | 1 | 0 | |a Historia de la literatura hispanoamericana |
| 250 | |a 5a. ed | ||
| 260 | |a Ciudad de México |b Fondo de Cultura Económica |c 1966 | ||
| 300 | |a v | ||
| 490 | 0 | |a Breviarios del Fondo de Cultura Económica, 156 | |
| 500 | |a v.2: Epoca contemporánea | ||
| 583 | |a last modification |c 19961018 00:00:00 |k Rodrigo Vera | ||
| 600 | 0 | |a Neruda, Pablo, |d 1904-1973 |e autor |9 471955 | |
| 600 | 0 | 7 | |a STORNI, ALFONSINA |2 CL-VaPUC |9 320263 |
| 600 | 0 | 7 | |a GALLEGOS, ROMULO |2 CL-VaPUC |9 351080 |
| 600 | 0 | 7 | |a BARRIOS, EDUARDO |2 CL-VaPUC |9 320692 |
| 600 | 0 | 7 | |a PRADO, PEDRO |2 CL-VaPUC |9 315575 |
| 600 | 0 | 7 | |a PRIETO, JENARO |2 CL-VaPUC |9 371593 |
| 600 | 0 | |a Latorre Court, Mariano |e author |9 611032 | |
| 600 | 0 | 7 | |a ROJAS, MANUEL |2 CL-VaPUC |9 313776 |
| 600 | 0 | 7 | |a Güiraldes, Ricardo, |d 1886-1927 |9 879898 |
| 600 | 0 | 7 | |a REYES, ALFONSO |2 CL-VaPUC |9 357008 |
| 600 | 0 | 7 | |a CARPENTIER, ALEJO |2 CL-VaPUC |9 317536 |
| 600 | 0 | |a Borges, Jorge Luis |e autor |9 322093 | |
| 600 | 0 | 7 | |a RULFO, JUAN |2 CL-VaPUC |9 318391 |
| 600 | 0 | |a Cortázar, Julio, |d 1914-1984 |9 347319 | |
| 650 | 0 | |a Literatura hispanoamericana |9 269097 | |
| 650 | 0 | |a Novelas venezolanas |9 312407 | |
| 650 | 0 | |a Novela colombiana |9 318718 | |
| 650 | 0 | |a Novela chilena |9 307631 | |
| 650 | 7 | |a NOVELA ARGENTINA |2 CL-VaPUC |9 347321 | |
| 650 | 0 | |a Poesía mexicana |9 268431 | |
| 650 | 0 | |a Poesías venezolanas |9 267766 | |
| 650 | 7 | |a POESIA ARGENTINA |2 CL-VaPUC |9 268280 | |
| 650 | 7 | |a POESIA URUGUAYA |2 CL-VaPUC |9 352775 | |
| 650 | 0 | |a Cuentos venezolanos |9 267610 | |
| 650 | 0 | |a Cuento chileno |9 352824 | |
| 650 | 0 | |a Ensayos venezolanos |9 437013 | |
| 650 | 0 | |a Teatro mexicano |9 371976 | |
| 650 | 0 | |a Teatro argentino |9 330190 | |
| 650 | 0 | |a Crítica e interpretación |9 255042 | |
| 650 | 0 | |a Crítica literaria |9 269189 | |
| 942 | |c BK |2 ddc | ||
| 945 | |d 19961018 00:00:00 |a rleighto | ||
| 952 | |0 0 |1 0 |4 0 |6 H_860_900000000000000_AND_1966 |7 0 |8 A |9 272950 |a BIBEDU |b BIBEDU |d 2019-11-19 |h v.2 |i 3239322 |o H860.9 AND 1966 |p 3239322 |r 2019-11-19 |w 2019-11-19 |y BK |k LIT | ||
| 952 | |0 0 |1 0 |4 0 |6 H_860_900000000000000_AND_1966 |7 0 |8 A |9 272951 |a BIBEDU |b BIBEDU |d 2019-11-19 |h v.2 |i 3266117 |o H860.9 AND 1966 |p 3266117 |r 2019-11-19 |w 2019-11-19 |y BK |k LIT | ||
| 952 | |0 0 |1 0 |4 0 |6 H_860_900000000000000_AND_1966 |7 0 |8 A |9 272952 |a BIBEDU |b BIBEDU |d 2019-11-19 |h v.2 |i 3267911 |o H860.9 AND 1966 |p 3267911 |r 2019-11-19 |w 2019-11-19 |y BK |k LIT | ||
| 952 | |0 0 |1 0 |4 0 |6 H_860_900000000000000_AND_1966 |7 0 |8 A |9 272953 |a BIBEDU |b BIBEDU |d 2019-11-19 |h v.2 |i 3710807 |o H860.9 AND 1966 |p 3710807 |r 2019-11-19 |w 2019-11-19 |y BK |k LIT | ||